Statistics for Countries that Visit South Africa the Most

Click here to take the quiz!

General Stats

  • This quiz has been taken 102 times
    (43 since last reset)
  • The average score is 9 of 10

Answer Stats

# VisitsCountry% Correct
407,486United Kingdom
100%
212,514Namibia
98%
297,226United States
98%
1,200,335Mozambique
95%
593,514Botswana
93%
256,646Germany
88%
1,900,791Zimbabwe
85%
161,259Zambia
80%
1,394,913Lesotho
78%
838,006Eswatini
75%

Score Distribution

Percentile by Number Answered

Percent of People with Each Score

Your Score History

You have not taken this quiz since the last reset